|
000
|
01000nam0 2200265 450
|
|
001
|
012025000347
|
|
005
|
20250916174837.2
|
|
010
|
|
@a978-7-5116-7053-3@dCNY58.00
|
|
100
|
|
@a20241030d2024 em y0chiy50 ea
|
|
101
|
0
|
@achi
|
|
102
|
|
@aCN@b110000
|
|
105
|
|
@aak a 000yy
|
|
106
|
|
@ar
|
|
200
|
1
|
@a农作物植保员知识问答@Anong zuo wu zhi bao yuan zhi shi wen da@f任洁, 黄丙玲, 李赛慧主编
|
|
210
|
|
@a北京@c中国农业科学技术出版社@d2024.9
|
|
215
|
|
@a11, 206页@c图@d24cm
|
|
320
|
|
@a有书目 (第206页)
|
|
330
|
|
@a本书内容主要包括昆虫的识别、植物病害诊断、植物病虫害田间调查与综合治理、农药使用技术、粮食作物病虫害识别与综合防控、经济作物病虫害识别与综合防控、瓜菜病虫害识别与综合防控、仓储害虫识别与综合防控等。
|
|
606
|
0
|
@a作物@Azuo wu@x植物保护@j问题解答
|
|
690
|
|
@aS4@v5
|
|
701
|
0
|
@a任洁@Aren jie@4主编
|
|
701
|
0
|
@a黄丙玲@Ahuang bing ling@4主编
|
|
701
|
0
|
@a李赛慧@Ali sai hui@4主编
|
|
801
|
0
|
@aCN@bCDNYKJZYXY@c20250916
|
|
905
|
|
@aCDNYKJZYXY@b300725234-6@dS4@e191@f3
|
|
|
|
|
| |
| 农作物植保员知识问答/任洁, 黄丙玲, 李赛慧主编.-北京:中国农业科学技术出版社,2024.9 |
| 11, 206页:图;24cm |
| |
| |
| ISBN 978-7-5116-7053-3:CNY58.00 |
| 本书内容主要包括昆虫的识别、植物病害诊断、植物病虫害田间调查与综合治理、农药使用技术、粮食作物病虫害识别与综合防控、经济作物病虫害识别与综合防控、瓜菜病虫害识别与综合防控、仓储害虫识别与综合防控等。 |
| ● |
正题名:农作物植保员知识问答
索取号:S4/191
 
预约/预借
| 序号
|
登录号
|
条形码
|
馆藏地/架位号
|
状态
|
备注
|
|
1
|
725234
|
300725234
|
柳城-4楼/11架2列2层/
[索取号:S4/191]
|
在馆
|
|
|
2
|
725235
|
300725235
|
柳城-4楼/11架2列2层/
[索取号:S4/191]
|
在馆
|
|
|
3
|
725236
|
300725236
|
柳城-4楼/11架2列2层/
[索取号:S4/191]
|
在馆
|
|